000 00407nam a22001577a 4500
999 _c7728
_d7728
003 GBCCL
005 20241126110635.0
008 180913b ||||| |||| 00| 0 eng d
040 _cgbc
082 _aSOU LAD
_b2014
100 _aDimzangai, editor
_913534
245 _aLadies prayer fellowship 40th anniversary souvenir, 1974-2014
260 _aLamka:
_bLPF,
_c2014
300 _a84p. ;
942 _2ddc
_cARCH